| 000 | 00433cam a2200181ua 4500 | ||
|---|---|---|---|
| 020 | _cRs 1.75 | ||
| 041 |
_ahin _h |
||
| 082 |
_a891.54 _bMAN/JI |
||
| 100 | _aManmath Nath , Gupta . | ||
| 245 |
_aJincha / _cManmath Nath Gupta. _hTextual Documents |
||
| 250 |
_a1 / _b. |
||
| 260 |
_aVaranasi : _bJai Prakashan , _c1950. |
||
| 300 | _a111 ; . | ||
| 365 | _aRs 1.75 | ||
| 504 | _a | ||
| 942 | _cBK | ||
| 999 |
_c3442 _d3442 |
||